=LDR 00000nam 2200000 4500 =001 INLIS000000000006925 =005 20130612095014 =008 ***********************************Ind** =035 ##$$0010-061300000006925 =041 ##$$a Ind =082 ##$$a 811 =090 ##$$a 811, Set b =100 ##$$a Setiawan, A =245 ##$$a Buatmu Indonesiaku, A. Setiawan =260 ##$$a 1986 $b Bandung =300 ##$$a 43 hlm., 11 cm =650 ##$$a Puisi Anak